Culture Générale 01 - Statistiques

Statistiques générales
  • Ce quiz a été pris 74 fois
  • Le résultat moyen est 5 sur 20
Statistiques - réponses
Hint Réponse % Correct
Quelle spécialité québécoise porte le nom d'un dirigeant russe ? La poutine
97%
Quel célèbre roi a prononcé la phrase "l'Etat, c'est moi" ? Louis XIV
66%
Quelle espèce d'oiseau endémique de l'île Maurice a disparu au XVIIème siècle, moins d'un siècle après sa découverte ? Le Dodo
58%
Quelle unité de mesure les Etats-Unis utilisent-ils habituellement pour mesurer la température ? Le Fahrenheit
52%
Dans quel pays se situe Angkor Vat ? Cambodge
48%
Quelle grande ville normande a été détruite à plus de 80% par les bombardements américains lors de la 2nde guerre mondiale ? Le Havre
34%
A la naissance de l'Union européenne en 1951, combien y avait-il de pays membres ? Six
34%
Quel philosophe né en 1596 et dont le nom évoque le jeu nous invite à douter de tout ? René Descartes
28%
Quelle danseuse de "Danse avec les stars" fait désormais partie du jury ? Fauve Hautot
27%
Quel animal d'Amérique tropicale et subtropicale peut se rouler en boule et possède une carapace résistante aux balles ? Le tatou
25%
Quel film sorti en 1994 raconte l'emprisonnement d'un homme pour le meurtre de sa femme et de son amant ? Les évadés
16%
Quelle confiserie à base de miel, de sucre, de blanc d'oeuf et d'amandes est originaire d'Andalousie ? Le Turon
14%
Quelle licence de jeu vidéo créée en 1999 porte le nom d'une haute distinction militaire américaine ? Medal of Honor
11%
Quel livre d'Ernest Hemingway raconte le combat d'un américain aux côtés de républicains durant la guerre civile d'Espagne en 1936 ? Pour qui sonne le glas
8%
Quel historien est connu pour ses ouvrages sur l'histoire des couleurs ? Michel Pastoureau
6%
Quelle est le nom d'une célèbre liqueur anisée d'origine grecque ? Ouzo
6%
Comment se nomme la révolte chinoise ayant eu lieu entre 1899 et 1901 contre laquelle 8 puissances coloniales ont combattu ? La révolte des boxers
3%
Quel auteur britannique est mort en 1824 à Missolonghi lors de la guerre d'indépendance de la Grèce ? Lord Byron
3%
Comment se nommait le corps de soldats d'élite des sultans ottomans ? Les janissaires
2%
Quel vin blanc provenant de l'Andalousie est fortifié à l'eau-de-vie et vieilli en fût ? Vin de Xérès
0%
Aucun quiz correspondant
Distribution des résultats
% des personnes avec chaque résultat
Percentile par nombre de réponses
Votre historique - résultats
Vous n’avez pas pris ce quiz